000
00345nam a2200145Ia 4500
008
221030s9999 xx 000 0 und d
041
_a
English
082
_a
105.23
100
_a
-
245
0
_a
Technology Management
_c
by -
260
_b
College of Defence Management
_a
Secundrabad
_c
2005
300
_a
78
650
_a
Management
942
_c
BK
999
_c
9258
_d
9258